000 00845nas a2200277 4500
001 BR2013004909
003 BR-BrBNA
005 20231205122517.0
007 ta
008 230509b bl.|||p| |||| 00| 00por d
040 _aBR-BrBNA
_bpor
_cBiblioteca Nacional de Agricultura
041 _a(Pt)
072 _aH60
100 1 _aMartins, D.
100 1 _aTomazela, M.S.
100 1 _aDavid, D.V.
100 1 _aMartins, C.C.
245 1 _aControle de tiririca com sulfentrazone e diclosulam e viabilidade de tubérculos em diferentes profundidades de solo
650 _aTIRIRICA
650 _aERVA DANINHA
650 _aCANA DE AÇÚCAR
650 _aHERBICIDA
773 0 _tBragantia (Brazil)
_xISSN 0006-8705
_g(Abr-Jun 2009), v. 68(2) p. 357-366
_wBR2013004909
909 _a202311
_bLúcia
_c55
_dLúcia Elande
942 _2AGRIS
_n0
_cANA
999 _c229028
_d229028